00258nam a22001097a 4500041001200000082001200012100002200024245002800046260003900074300000800113650002700121 aEnglish a248 KEM aKempis, Thomas A. aThe Imitation of Christ aGreat BritainbFontana Booksc1963 a253 aSpirituality-Christian